00557nam a2200145Ia 4500008004100000245018000041260001700221260000900238300000800247650002300255650001200278856002900290999001900319952007300338170516s9999 xx 000 0 und d aDevelopment of a Loop Mediated Isothermal Amplification (LAMP) - Surface Enhanced Raman spectroscopy (SERS) Assay for the Detection of Salmonella Enterica Serotype Enteritidis bTheranostics c2016 a6:4 xMedical Technology xMedtech uhttp://www.thno.org/v6i4 c330175d330175 001040aCLbCLd2017-05-16l0r2017-05-16 00:00:00w2017-05-16yFOJ